Storia dell'impotenza /

محفوظ في:
التفاصيل البيبلوغرافية
المؤلف الرئيسي: McLaren, Angus (مؤلف)
مؤلفون آخرون: Lucano, Mariacristina
التنسيق: كتاب
اللغة:الإيطالية
منشور في: Bologna : Odoya, [2009]
سلاسل:Odoya library ; 9
الموضوعات:
الوسوم: إضافة وسم
لا توجد وسوم, كن أول من يضع وسما على هذه التسجيلة!

MARC

LEADER 00000nam a22000007i 4500
001 IT\ICCU\LO1\1245374
003 ItRI
005 20260207185805.0
008 090514s2009 it |||||| ||||| |||||c
020 |a 9788862880336 
040 |b ita  |c ARCIGAY RIMINI 
041 7 |a ita  |2 ISO-639-2 
082 |a 616.692  |2 21 
100 1 |a McLaren, Angus  |0 IT\ICCU\MILV\061685  |4 aut 
240 1 0 |a Impotence  |9 McLaren, Angus 
245 1 0 |a Storia dell'impotenza /  |c Angus McLaren ; traduzione: Mariacristina Lucano. 
260 |a Bologna :  |b Odoya,  |c [2009] 
300 |a 490 p. :  |b ill. ;  |c 21 cm. 
650 7 |a Impotenza sessuale  |x Sociologia  |2 nsbncf 
700 1 |a Lucano, Mariacristina  |0 IT\ICCU\LO1V\356995 
830 0 |a Odoya library ;  |v 9  |0 IT\ICCU\RAV\1694500 
942 |2 ddc  |c BK 
952 |0 0  |1 0  |2 ddc  |4 0  |6 616_692000000000000_MCL_STO  |7 1  |9 3561  |a RN  |b RN  |d 2025-03-02  |l 0  |o 616.692 MCL STO  |p 10820  |r 2025-03-02 19:17:04  |w 2025-03-02  |x Donazione di Giovanni Rimondini  |y BK  |z Donazione di Giovanni Rimondini 
952 |0 0  |1 0  |4 0  |6 DOC_306_708000000000000_MCL  |7 0  |9 20468  |a BO  |b BO  |d 2026-01-15  |i 17565  |l 0  |o DOC 306.708 MCL  |p BO17565  |r 2026-01-15 23:21:25  |w 2026-01-15  |x [Sebina 5] [1 v.]  |y BK  |z 1 v. 
999 |c 2767  |d 2767